Guess the Taylor Swift song with no hints #1 - Statistics

General Stats
  • This quiz has been taken 345 times
  • The average score is 306 of 432
Answer Stats
Answer % Correct
I
100%
i
100%
a
99%
the
97%
you
96%
it
91%
love
91%
And
90%
and
90%
me
90%
in
89%
My
88%
my
88%
that
86%
be
85%
your
85%
go
84%
to
84%
so
81%
i'm
80%
I'm
80%
its
80%
it's
80%
It's
80%
all
79%
like
79%
of
79%
as
78%
but
78%
don't
77%
was
77%
can
76%
at
75%
are
74%
by
74%
there
74%
see
73%
I'll
72%
not
72%
this
72%
what
72%
I've
70%
now
70%
think
70%
would
70%
never
69%
been
67%
just
67%
look
67%
daylight
65%
night
65%
saw
64%
every
63%
head
62%
thought
62%
from
61%
wanna
61%
only
60%
will
60%
things
59%
with
59%
cruel
58%
golden
58%
red
58%
anything
57%
mind
57%
still
57%
dark
56%
else
56%
good
56%
light
55%
lived
55%
once
55%
back
53%
black
53%
cities
53%
long
53%
down
52%
our
52%
tell
52%
white
52%
believed
50%
hate
50%
many
50%
20
49%
burning
49%
out
49%
because
48%
Everyone
48%
let
48%
worse
48%
year
48%
goodbye
47%
looked
47%
same
47%
truth
47%
away
46%
sleeping
46%
bed
43%
forth
43%
intertwined
43%
room
43%
town
43%
afraid
40%
into
40%
joke
40%
middle
40%
New York
40%
lines
39%
maybe
39%
became
38%
defined
38%
trusted
38%
unforgiven
38%
brighter
37%
butt
36%
crossed
36%
settle
36%
single
36%
wicked
36%
air
35%
breathed
35%
smoke
35%
step
35%
unlucky
35%
ran
34%
refused
34%
stormed
34%
wolves
34%
gotta
33%
morning
32%
draw
31%
sneaking
31%
awake
30%
daggers
30%
haunt
30%
wounded
29%
clearing
28%
draws
28%
Luck
28%
wide
28%
cloaks
21%
threw
21%
No matching quizzes found
Score Distribution
Percent of People with Each Score
Percentile by Number Answered
Your Score History
You have not taken this quiz